| 000 | 00407nam a2200145Ia 4500 | ||
|---|---|---|---|
| 999 |
_c529071 _d529071 |
||
| 005 | 20190919113421.0 | ||
| 008 | 190125s9999 xx 000 0 und d | ||
| 040 | _cMUHAMMAD SOHAIL | ||
| 082 | _a910.4 | ||
| 100 |
_aAmjad Islam Amjad _99447 |
||
| 245 |
_aریشم ریشم۔۔۔۔۔۔۔۔۔۔۔۔ _bResham Resham |
||
| 260 |
_bSange Meel _aLahore _c2009 |
||
| 300 |
_a173p. : _c25cm _b25cm |
||
| 942 |
_2ddc _cBK |
||